Contraband Police - Statistiques

Statistiques générales
  • Ce quiz a été pris 2 fois
  • Le résultat moyen est 4 sur 11
Statistiques - réponses
Hint Réponse % Correct
Le Nom du Pays L'Acaristan
100%
Le chef de ce gang Boris Oberankov
50%
Le président du pays Igor Acarov
50%
Le principal gang Le Gang d'Oberankov
50%
Le parti politique au pouvoir Le parti des travailleurs
50%
Le 1er Ministre Piotr Kavka
50%
Le sous chef de ce gang Ivan Karpin
0%
Un autre gang anti gouvernemental Le Point de Sang
0%
Le chef de ce gang Michail Garin
0%
Le ministre de l'intérieur Serguei Tovic
0%
Le sous chef de ce gang Timur Korchenko
0%
Aucun quiz correspondant
Distribution des résultats
% des personnes avec chaque résultat
Percentile par nombre de réponses
Votre historique - résultats
Vous n’avez pas pris ce quiz